| 000 | 00889nam a22002537a 4500 | ||
|---|---|---|---|
| 005 | 20210325213014.0 | ||
| 008 | s2015 eng d | ||
| 020 | _a9781857436389 | ||
| 041 | _aeng | ||
| 050 | _aHF 1359 P65 2015 | ||
| 100 | 0 | _aFouskas, Vasssilis K., ed. | |
| 245 | 1 | 0 | _aThe politics of international political economy : a survey |
| 260 | 3 |
_aLondon : _bRoutledge, _c2015 |
|
| 300 |
_a319 p. : _b tables ; _c 24 cm. |
||
| 650 | 0 | 4 | _aInternational finance -- Case studies |
| 650 | 0 | 4 | _aInternational finance |
| 650 | 0 | 4 | _aInternational economic relations -- Case studies |
| 650 | 0 | 4 | _aInternational economic relations |
| 850 | _aNALT | ||
| 942 | _cGB | ||
| 997 | _a10328 | ||
| 997 | _c000000000072907 | ||
| 998 | _aนางสาวอรุณทิพย์ จันทร์ดิษฐ์ | ||
| 999 |
_c72907 _d72907 |
||